00766cam a22002777a 4500003000500000005001700005008004100022010001000063011001000073020001500083035001000098040000900108082002000117110000800137245013300145260002400278300002000302410000800322490004000330650002300370700001200393700001900405700001600424810000800440830004000448CHAP20220817043535.0990527d1996 it a rnf 00110 eng d a78002 a78974 a9251039194 a89090 cCHAP04a639.2bF3 v.3642 aFAO10aParticipatory analysis, monitoring and evaluation for fishing communities :ba manualc/by R. A. Maine, B. Cam and D. Davis-Case aRome :bFAO,c1996. a142 p. :bilus.2 aFAO 0aDocumento técnico de pescav; 36414aPesca cooperativa.0 aCam, B.0 aDavis-Case, D.0 aMaine, R.A.0 aFAO00aDocumento técnico de pescav; 364